000 00328nam a2200133Ia 4500
008 191201s2010 xx 000 0 und d
100 _aSAXENA, Sanjay
245 0 _aComputer Applications in Management
250 _aRep
260 _aN.Delhi
_bVikas Publication House
_c2010
300 _a537
650 _aMBA
942 _2ddc
_cBK
999 _c5379
_d5379